000 00595nam a2200241Ia 4500
003 OSt
005 20221005120121.0
006 a|||||r|||| 00| 0
007 ta
008 221004b |||||||| |||| 00| 0 eng d
024 _a57469
037 _cTextual
040 _aCRL
_cCRL
_beng
041 _2eng
_aeng
082 _aV2:1941:N7, K3
100 _aPatel H M
_9263202
245 0 _aDefence of India
260 _c1963
490 _aR R Kale memorial lecture, 1963
650 _aHISTORY
942 _hV2:1941:N7, K3
_cTEXL
_2cc
999 _c1036933
_d1036933